Edgar Wallace the Biography of a Phenomenon / (Record no. 187105)

000 -LEADER
fixed length control field 00843 a2200169 4500
003 - CONTROL NUMBER IDENTIFIER
control field Nust
005 - DATE AND TIME OF LATEST TRANSACTION
control field 20230130123822.0
040 ## - CATALOGING SOURCE
Transcribing agency Nust
082 ## - DEWEY DECIMAL CLASSIFICATION NUMBER
Classification number 920,LAN
100 ## - MAIN ENTRY--PERSONAL NAME
Personal name Lane,Margaret
9 (RLIN) 108038
245 ## - TITLE STATEMENT
Title Edgar Wallace the Biography of a Phenomenon /
Statement of responsibility, etc. Margret Lane
260 ## - PUBLICATION, DISTRIBUTION, ETC.
Place of publication, distribution, etc. London
Name of publisher, distributor, etc. The Book Club
Linkage 1939
300 ## - PHYSICAL DESCRIPTION
Extent 423:p
505 ## - FORMATTED CONTENTS NOTE
Formatted contents note Polly Richards’s Lying-In (Page-3), The Freemans (Page-18), Dick Goes to Work (Page-36), The Milk Round and First Love (Page-47), The Recruit (Page-63), The Caldecotts (Page-73), The Soldier Poet (Page-93), My Pal, The Boer (Page-113), The House That Harmsworth Built (Page-161), Sanders of the River (Page-216), Hail and Farewell (Page-249), Winding up the Machine (Page-268), Money and Power (Page-319), The Machine Breaks Down (Page-376).
650 ## - SUBJECT ADDED ENTRY--TOPICAL TERM
Topical term or geographic name entry element Biography
9 (RLIN) 461
942 ## - ADDED ENTRY ELEMENTS (KOHA)
Source of classification or shelving scheme
Koha item type Book
Holdings
Withdrawn status Lost status Source of classification or shelving scheme Damaged status Not for loan Permanent Location Current Location Shelving location Date acquired Full call number Barcode Date last seen Price effective from Koha item type Public note
          Military College of Signals (MCS) Military College of Signals (MCS) General Stacks 12/12/2016 920,LAN MCS29219 12/08/2016 12/12/2016 Book Almirah No.59, Shelf No.3
© 2023 Central Library, National University of Sciences and Technology. All Rights Reserved.